Quizzes
Events
Quiz Creation
Community
Videos
Private Events
Remove Ads
Sign In
Join for FREE
Feedback
Dark Mode
Quiz Categories
Sports
Geography
Music
Movies
Television
Just For Fun
Miscellaneous
History
Literature
Language
Science
Gaming
Entertainment
Religion
Holiday
For Kids
Quiz Lab
Recent
Popular Today
Quiz Kudos Today
Editor Picks
Curator Picks
Quizzes by...
Day
Popularity
Type
Ratings
Length
Year
Community
Subscriptions
Recent Discussions
Orange Saloon
Badges
Playlists
Quests
Create
Leaderboards
Showdown
Live 5
Trivia Bingo
Activity
Puzzle Library
Sporcle Events
Private Events
Virtual Trivia
Globe League
Become a Host
Pub Owners
SporcleCon
Opinionation
Our Games
Videos
Blog
Mobile Apps
Partnerships
Remove Ads and Go Orange
Feedback
Gaming
Video Games
Board Games
Card Games
Pokémon
Mario
Nintendo
Minecraft
Console
Toys
Legend of Zelda
Gaming
Video Games
Board Games
Card Games
Pokémon
Mario
Nintendo
Minecraft
Console
Toys
Legend of Zelda
Random Quiz
Search Sporcle
×
Quiz Lab
Quiz Lab
Gaming
Mario
Type in answers that appear in a list
Type in answers that appear in a list
Classic
Best Score? Go Orange.
Name The Mario Power-Ups Stats
Can you name the Mario Power-Ups?
By
Supermario123
12m
37 Questions
54 Plays
54 Plays
54 Plays
Comments
Comments
Give Quiz Kudos
Give Quiz Kudos
-
- Ratings
hide this ad
Replay
Link that replays current quiz
Next Quiz
Link to next quiz in quiz playlist
You Got
0%
They Got
Avg Score
25%
Avg Friend Score
Upgrade to see
Score Distribution
Jump to the score distribution portion of the page
Score
0/37
Timer
12:00
0
Plays Today
Type
Power-up
% Correct
Mushroom
Super Mushroom
77.8%
Flower
Fire Flower
75.9%
Mushroom
1-Up Mushroom
72.2%
Mushroom
Mega Mushroom
72.2%
Mushroom
Mini Mushroom
70.4%
Flower
Ice Flower
63%
Mushroom
Propeller Mushroom
51.9%
Suit
Penguin Suit
50%
Mushroom
Bee Mushroom
42.6%
Mushroom
Boo Mushroom
40.7%
Suit
Frog Suit
37%
Star
Invincibility Star
29.6%
Suit
Cape
29.6%
Mushroom
Golden Mushroom
29.6%
Mushroom
Stone Mushroom
29.6%
Unknown
F.L.U.D.D.
25.9%
Coin
Coin
22.2%
Suit
Hammer Suit
20.4%
Suit
Blue Shell
16.7%
Type
Power-up
% Correct
Suit
Racoon Suit
14.8%
Coin
Star Coin
13%
Block
Item Block
9.3%
Box
Propeller Box
8.6%
Unknown
Yoshi Egg
3.7%
Unknown
Ax
3.7%
Suit
Shoe
3.7%
Mushroom
Bowser Mushroom
1.9%
Mushroom
Frozen Mushroom
1.9%
Mushroom
Shark Mushroom
1.9%
Unknown
Shine
0%
Block
Super Guide Block
0%
Swich
? Swich
0%
Swich
! Swich
0%
Swich
Skull Swich
0%
Mushroom
Fire Mushroom
0%
Mushroom
Ball Mushroom
0%
Flower
Boomarang Flower
0%
Quiz Playlist
Details
Report
Send in Message
Add To Playlist
Classic:
Type in answers that appear in a list
Last Updated: Feb 16, 2017
Quiz Scoreboard
CHALLENGE
Sign Up to Join the Scoreboard
Show All
Scores
Hide
Comments
May contain spoilers
Recently Published
Billboard Blitz: Fleetwood Mac
by CooCooCachoo
Music
15s
Presidents Visiting Landmarks
by Hejman
History
7m
An Introduction to Baseball
by treessimontrees
Sports
5m
More to Explore
Quiz From the Vault
Featured Blog Post
Where Did the Easter Bunny Come From?
hide this ad
You Might Also Like...
Tags
Mario Quiz
Today's Top Quizzes in Gaming
Browse Gaming
hide this ad
Today's Top Quizzes in Mario
Browse Mario
Top Contributed Quizzes in Gaming
1
5-to-1: Consoles
2
7-to-1: Board Game Piece Blitz
3
5-to-1: Legend of Zelda
4
Destiny 2 exotic weapons by perk icons
5
League of Legends Pro Players by Career/Team History
6
Ultimate Genshin Impact Logic Puzzle (up to 4.3)
7
Franchise by Action Figure
8
Genshin Impact Logic Puzzle Quiz
9
Who's on the WWE 2K24 Cover?
10
Overwatch Logic Puzzle
Explore More
Trending Topics
Disney
Crossword
Kpop
Marvel
Harry Potter
NBA
Anime
WWE
The Office
Song
Country
Pokémon
Soccer
Puzzle
NFL
hide this ad
More By:
Supermario123
Quiz
Plays
Rating
Category
Featured
Created
Name The Yoshi Colors
417
3.38
Gaming
Jul 22, 2011
Name The Gems
104
2.00
Just For Fun
Jul 24, 2011
Name The Kirby Powers
80
Gaming
Jul 23, 2011
Name The Mario Songs
60
1.00
Gaming
Jul 23, 2011
Name The Mario Power-Ups
54
2.20
Gaming
Jul 22, 2011
Go to Creator's Profile
Score Distribution
Quiz Creator Spotlight
Supermario123
Follow
Send a Message
Quizzes Created
-
Created Quiz Play Count
-
More By This Creator
Popular Quizzes Today
1
Find the US States - No Outlines Minefield
2
Find the Countries of Europe - No Outlines Minefield
3
The Countries of the World
4
Find the US States
5
US States
6
Risky Map Clicking: Biggest States A-Z
7
Popular People in 1961
8
Movies - When Are They Set?
More Gaming Quizzes
December First Generation Pokémon
Quiz Lab
Trending Quizzes
Risky Map Clicking: Least Populous States A-Z
1-10 Letter G Words
1-10 Letter F Words
Risky Map Clicking: Next State Alphabetically
Risky Map Clicking: Biggest States A-Z
Recently Updated
Leaping Animals
pecheneg
Reality TV Shows (A-Z)
bhenderson79
Rickey Henderson's Hall of Fame Teammates
pecheneg
Champions League XIs: Arsenal
pecheneg
Quick Pick: Celebrities in WWE's Hall of Fame
aduchscher
A-Z Keypad Blitz II
pecheneg
Multiple Oscar Actors
pecheneg
Mystery Phrase Blitz: Oscar 'Best Actors'
pecheneg
F. Scott Fitzgerald Novels
LTH
Pick 3 Villains
ddd62291
Trending Topics
Anime
Harry Potter
Disney
NBA
Crossword
Marvel
Kpop
Puzzle
The Office
Country
Song
WWE
Soccer
Pokémon
NFL
Your Account Isn't Verified!
In order to create a playlist on Sporcle, you need to verify the email address you used during registration. Go to your
Sporcle Settings
to finish the process.
Report this User
Report this user for behavior that violates our
Community Guidelines
.
Details:
Send Report
Go to the Sporcle.com Mobile Site →
Comments